| 000 | 01092cad a22002175a 4500 | ||
|---|---|---|---|
| 001 | L149146 | ||
| 008 | 100118s2010 xxk f s 000 0 eng d | ||
| 035 | _a(Sirsi) u149146 | ||
| 041 | 0 | _aeng | |
| 050 | 0 | 4 | _a333.332 $2 18 |
| 110 | 2 |
_aKing Sturge _93877 |
|
| 245 | 0 | 0 |
_aKing Sturge property predictions 2010 _h[electronic resource] |
| 260 |
_a[S.l.] _bKing Sturge _c2010 |
||
| 520 | _aKing Sturge's annually produced UK property market predictions cover the key sectors including residential, retail, office and industrial property as well as property investment, planning and building. Analyses how the economy will affect the property industry in 2010. | ||
| 590 | _aKA NTK | ||
| 651 | 4 |
_aUnited Kingdom _y |
|
| 690 | _aPROPERTY-COMMERCIAL PROPERTY-COMMERCIAL PROPERTY MARKET | ||
| 690 | _aPROPERTY-RESIDENTIAL PROPERTY-RESIDENTIAL PROPERTY MARKET | ||
| 856 | 4 | 0 |
_uhttps://www.kingsturge.co.uk/news/~/media/Global%20Publication%20PDF/UK/PROPERTY%20PREDICTIONS%202010%20SECTOR%20PAPERS%20-%20FINAL.ashx _zView the research report free of charge at www.kingsturge.co.uk... |
| 942 | _n0 | ||
| 999 |
_c110384 _d110384 |
||